| 000 | 00753cam a22002533a 4500 | ||
|---|---|---|---|
| 001 | 2644 | ||
| 003 | PGUSA | ||
| 005 | 20140828083017.0 | ||
| 008 | 010501s2001||||xxu|||||s|||||000 | eng d | ||
| 040 |
_aPGUSA _beng |
||
| 042 | _adc | ||
| 050 | 4 | _aPR | |
| 100 | 1 |
_aSteele, Richard, _cSir, _d1672-1729 |
|
| 245 | 1 | 0 |
_aIsaac Bickerstaff, Physician and Astrologer _h[electronic resource] / _cRichard, Steele |
| 260 |
_bProject Gutenberg, _c2001 |
||
| 506 | _aPublic domain in the USA. | ||
| 516 | _aElectronic text | ||
| 653 | _aFictitious characters -- Autobiography | ||
| 653 | _aEnglish wit and humor | ||
| 700 | 1 |
_aMorley, Henry, _d1822-1894 |
|
| 830 | 0 |
_aProject Gutenberg _v2644 |
|
| 856 | 4 | 0 | _uhttp://www.gutenberg.org/ebooks/2644 |
| 942 | _cEB | ||
| 999 |
_c231977 _d231977 |
||